[Event "Val Maubuee"]
[Site "Val Maubuee"]
[Date "1989.??.??"]
[Round "3"]
[White "Hector, Jonny"]
[Black "Boudre, Jean-Pierre"]
[Result "0-1"]
[WhiteElo "2485"]
[BlackElo "2380"]
[PlyCount "90"]
[EventDate "1989.04.??"]
[Source "www.chesslib.no"]
[SourceDate "2004.05.04"]

1. e4 e5 2. Nc3 Nf6 3. f4 d5 4. fxe5 Nxe4 5. Nf3 Bc5 6. d4 Bb4 7. Bd3 Nxc3 8. bxc3 Bxc3+ 9. Bd2 Bxa1 10. Qxa1 h6 11. O-O Nc6 12. Qe1 Be6 13. Qg3 g5 14. Bb5 Qd7 15. Qf2 a6 16. Ba4 b5 17. Bb3 Qe7 18. Ne1 O-O 19. h4 Kg7 20. hxg5 hxg5 21. Nf3 f6 22. Qg3 g4 23. Qh4 Kg8 24. c3 fxe5 25. Qg3 exd4 26. Ng5 Rxf1+ 27. Kxf1 Rf8+ 28. Kg1 Rf5 29. Nxe6 Qxe6 30. Bd1 Qg6 31. Bxg4 Rf6 32. Bg5 Rf7 33. Bh3 Rg7 34. Qg4 Qxg5 35. Qe6+ Kh8 36. Qxc6 d3 37. Qe8+ Kh7 38. Qf8 Rg8 39. Qf3 Kh6 40. Bf5 Rf8 41. Qh3+ Kg7 42. Qh7+ Kf6 43. Bxd3 Rg8 44. Qh3 Qg3 45. Qh6+ Ke7 0-1

[Event "Iraklion Open"]
[Site "Iraklion"]
[Date "1992.??.??"]
[Round "3"]
[White "Inkiov, Ventzislav V"]
[Black "Dobrev, Nanko"]
[Result "0-1"]
[WhiteElo "2450"]
[BlackElo "2405"]
[PlyCount "66"]
[EventDate "1992.??.??"]
[Source "www.chesslib.no"]
[SourceDate "2004.05.04"]

1. e4 Nf6 2. Nc3 e5 3. f4 d5 4. exd5 Nxd5 5. Nxd5 Qxd5 6. fxe5 Nc6 7. Nf3 Bg4 8. Be2 Nxe5 9. O-O Bc5+ 10. Kh1 O-O 11. d3 Rfe8 12. c4 Qd6 13. Nxe5 Bxe2 14. Qxe2 Qxe5 15. Qf3 Qe2 16. Qxf7+ Kh8 17. Bf4 Rf8 18. Qxc7 Rac8 19. Qe5 Qxd3 20. Rf3 Qxc4 21. Bh6 Qg8 22. Rxf8 Bxf8 23. Rf1 Rc6 24. Bd2 Bd6 25. Qe4 Qxa2 26. Bc3 Qg8 27. Rf5 Rc7 28. Rh5 a6 29. g4 b5 30. g5 Re7 31. Qf3 Rf7 32. Qe4 Rf4 33. Qb7 Qf8 0-1

[Event "Buenos Aires VII Najdorf Open"]
[Site "Buenos Aires ARG"]
[Date "1995.??.??"]
[Round "7"]
[White "Paglilla, Carlos"]
[Black "Servat, Roberto"]
[Result "1/2-1/2"]
[WhiteElo "2400"]
[BlackElo "2450"]
[PlyCount "66"]
[EventDate "1995.??.??"]
[Source "www.chesslib.no"]
[SourceDate "2004.05.04"]

1. e4 e5 2. Nc3 Nf6 3. f4 d5 4. exd5 Nxd5 5. Nxd5 Qxd5 6. fxe5 Qxe5+ 7. Qe2 Qxe2+ 8. Bxe2 Bd6 9. Nf3 O-O 10. O-O Nc6 11. c3 Re8 12. Bc4 Be6 13. Bxe6 Rxe6 14. d4 Re2 15. Rf2 Rae8 16. Rxe2 Rxe2 17. Bd2 f6 18. Re1 Rxe1+ 19. Bxe1 Ne7 20. Kf2 c6 21. g3 Kf7 22. Ke3 g5 23. c4 h6 24. a3 Ke6 25. Bb4 Bxb4 26. axb4 Nf5+ 27. Ke4 Nd6+ 28. Kd3 f5 29. Nd2 b5 30. b3 Nf7 31. Nf3 Kd6 32. Ke3 Ke6 33. Kd3 Kd6 1/2-1/2

[Event "06"]
[Site "Gonfreville"]
[Date "1996.??.??"]
[Round "9"]
[White "Serper, Grigory"]
[Black "Einstein, L."]
[Result "0-1"]
[WhiteElo "2540"]
[BlackElo "2295"]
[PlyCount "56"]
[EventDate "1996.??.??"]
[Source "www.chesslib.no"]
[SourceDate "2004.05.04"]

1. e4 e5 2. Nc3 Nf6 3. f4 exf4 4. d3 d5 5. Bxf4 Bb4 6. Nf3 O-O 7. e5 d4 8. a3 dxc3 9. axb4 Nd5 10. Bg5 f6 11. exf6 Qe8+ 12. Kf2 cxb2 13. Ra3 Nxf6 14. Bxf6 Rxf6 15. Rb3 Nc6 16. d4 Bg4 17. Be2 Qh5 18. h3 Bxf3 19. Bxf3 Qh4+ 20. g3 Qxd4+ 21. Kg2 Raf8 22. h4 Kh8 23. Bxc6 Qf2+ 24. Kh3 Rxc6 25. Rxb2 Qf6 26. Rb3 Rc4 27. Rh2 Qe6+ 28. Kg2 Qe4+ 0-1

[Event "Buenos Aires"]
[Site "Buenos Aires ARG"]
[Date "1988.??.??"]
[Round "?"]
[White "Paglilla, Carlos"]
[Black "Milos, Gilberto"]
[Result "1/2-1/2"]
[WhiteElo "2315"]
[BlackElo "2510"]
[PlyCount "89"]
[EventDate "1988.04.??"]
[Source "www.chesslib.no"]
[SourceDate "2004.05.04"]

1. e4 e5 2. Nc3 Nf6 3. f4 d5 4. exd5 e4 5. d3 Bb4 6. Bd2 e3 7. Bxe3 O-O 8. Bd2 Re8+ 9. Be2 Qd6 10. Nf3 Bxc3 11. bxc3 Nxd5 12. O-O Nxf4 13. Bxf4 Qxf4 14. Nd4 Qg5 15. Bf3 Nd7 16. Rb1 c6 17. Re1 Ne5 18. Qc1 Qxc1 19. Rbxc1 Bd7 20. Be4 Rad8 21. Rb1 Bc8 22. Bf5 Bxf5 23. Nxf5 g6 24. Ng3 b6 25. Re2 Nd7 26. Rbe1 Rxe2 27. Rxe2 Kf8 28. Ne4 Re8 29. Rf2 Re5 30. g4 Ke7 31. h4 f6 32. Re2 f5 33. gxf5 gxf5 34. Ng3 Kf6 35. Nh5+ Kg6 36. Nf4+ Kf6 37. Kf2 Rxe2+ 38. Kxe2 Ne5 39. c4 Ng6 40. Nxg6 hxg6 41. Ke3 Ke5 42. d4+ Kd6 43. c3 a6 44. Kf4 b5 45. c5+ 1/2-1/2

[Event "Liechtenstein Open"]
[Site "Liechtenstein"]
[Date "1993.??.??"]
[Round "6"]
[White "Metz, Hartmut"]
[Black "Baburin, Alexander E"]
[Result "1/2-1/2"]
[WhiteElo "2275"]
[BlackElo "2550"]
[PlyCount "51"]
[EventDate "1993.??.??"]
[Source "www.chesslib.no"]
[SourceDate "2004.05.04"]

1. e4 Nf6 2. Nc3 e5 3. f4 d5 4. exd5 e4 5. Bb5+ c6 6. dxc6 bxc6 7. Bc4 Bc5 8. d4 Qxd4 9. Qxd4 Bxd4 10. Nge2 Bb6 11. Na4 Ba6 12. Nxb6 axb6 13. Bb3 O-O 14. h3 c5 15. a3 e3 16. Bxe3 Re8 17. Kf2 Ne4+ 18. Kf3 Bb7 19. Rhe1 Nd7 20. Ng3 Ndf6 21. Nxe4 Nxe4 22. Ke2 Ba6+ 23. Kf3 Bb7 24. Ke2 Ba6+ 25. Kf3 Bb7 26. Ke2 1/2-1/2

[Event "Odessa"]
[Site "Odessa UKR"]
[Date "1976.??.??"]
[Round "12"]
[White "Tseitlin, Mark D"]
[Black "Balinas, Rosendo C"]
[Result "1/2-1/2"]
[WhiteElo "2450"]
[BlackElo "2365"]
[PlyCount "47"]
[EventDate "1976.08.??"]
[Source "www.chesslib.no"]
[SourceDate "2004.05.04"]

1. e4 e5 2. Nc3 Nf6 3. f4 d6 4. Nf3 exf4 5. d4 Nh5 6. Bc4 g6 7. O-O Bh6 8. g3 O-O 9. Nd5 Bh3 10. Rf2 Be6 11. Qf1 fxg3 12. Bxh6 gxf2+ 13. Qxf2 c6 14. Bxf8 Qxf8 15. Ne3 Bxc4 16. Nxc4 f6 17. d5 c5 18. Qh4 b5 19. Ncd2 Nd7 20. a4 b4 21. Nc4 Qe7 22. a5 Re8 23. Rd1 Ng7 24. Re1 1/2-1/2

[Event "Alicante op2"]
[Site "Alicante ESP"]
[Date "1989.??.??"]
[Round "?"]
[White "Hector, Jonny"]
[Black "Fernandez Aguado, Juan Luis"]
[Result "0-1"]
[WhiteElo "2485"]
[BlackElo "2330"]
[PlyCount "62"]
[EventDate "1989.??.??"]
[Source "www.chesslib.no"]
[SourceDate "2004.05.04"]

1. e4 e5 2. Nc3 Nf6 3. f4 d5 4. fxe5 Nxe4 5. Nf3 Bc5 6. d4 Bb4 7. Bd3 Nxc3 8. bxc3 Bxc3+ 9. Bd2 Bxa1 10. Qxa1 h6 11. O-O Nc6 12. Qe1 Be6 13. Qg3 Qe7 14. Bb5 a6 15. Bxc6+ bxc6 16. Ne1 O-O 17. Nd3 Rab8 18. Rf6 Rb1+ 19. Kf2 Rfb8 20. Rxh6 Bf5 21. Bg5 Qf8 22. Rh5 Bg6 23. Rh4 Qc8 24. Rh3 Qf5+ 25. Bf4 R8b2 26. Nxb2 Qxc2+ 27. Kf3 Rf1+ 28. Ke3 Qe4+ 29. Kd2 Rxf4 30. Nd3 Rg4 31. Qf3 Qxf3 0-1

[Event "IHEM"]
[Site "?"]
[Date "2003.06.08"]
[Round "2"]
[White "Hector Jonny"]
[Black "Jacoby Gisbert"]
[Result "1-0"]
[WhiteElo "2553"]
[BlackElo "2258"]
[PlyCount "75"]
[EventDate "2003.??.??"]
[Source "www.chesslib.no"]
[SourceDate "2004.05.04"]

1. e4 e5 2. Nc3 Nf6 3. f4 d5 4. fxe5 Nxe4 5. Nf3 Nc6 6. Bb5 Be7 7. O-O O-O 8. Qe2 Bg4 9. Bxc6 Nxc3 10. bxc3 bxc6 11. h3 Bxf3 12. Rxf3 Qd7 13. Rb1 Rab8 14. Rxb8 Rxb8 15. Qa6 Qe8 16. d4 Rb1 17. Rf1 f6 18. Qxa7 fxe5 19. dxe5 h6 20. Be3 Rxf1+ 21. Kxf1 Qh5 22. Qd4 Qf5+ 23. Kg1 Qxc2 24. a4 Kh7 25. Kh2 Qe2 26. a5 c5 27. Qd2 Qc4 28. a6 d4 29. a7 Qa6 30. cxd4 Qxa7 31. Qc2+ g6 32. Qc4 Kg7 33. dxc5 Qa3 34. Qe6 Bxc5 35. Qf6+ Kh7 36. Qf7+ Kh8 37. Bxh6 Bg1+ 38. Kh1 1-0

[Event "SWE Ch"]
[Site "Sweden"]
[Date "1991.??.??"]
[Round "13"]
[White "Johansson, Jan"]
[Black "Schneider, Lars-Ake"]
[Result "0-1"]
[WhiteElo "2365"]
[BlackElo "2445"]
[PlyCount "68"]
[EventDate "1991.??.??"]
[Source "www.chesslib.no"]
[SourceDate "2004.05.04"]

1. e4 e5 2. Nc3 Nf6 3. f4 d5 4. exd5 exf4 5. Bc4 Bd6 6. Nf3 O-O 7. O-O a6 8. d4 b5 9. Bb3 Nbd7 10. a4 b4 11. Ne2 Nh5 12. c4 bxc3 13. bxc3 Qf6 14. Rb1 g5 15. Bc2 Re8 16. Nd2 Qh6 17. Ne4 Ndf6 18. Nxd6 cxd6 19. c4 Bg4 20. Bd3 Ng3 21. hxg3 fxg3 22. Nxg3 Bxd1 23. Rxd1 Ng4 24. Nf1 Qf6 25. Bd2 Qxd4+ 26. Be3 Qf6 27. Bb6 Rab8 28. Ba7 Rxb1 29. Bxb1 Qf4 30. Bd3 h5 31. a5 h4 32. Bb6 Ne5 33. Be2 Nxc4 34. Rd4 Qxd4+ 0-1

[Event "SVK Ch"]
[Site "Topolcianky"]
[Date "1994.??.??"]
[Round "8"]
[White "Vavra, Pavel"]
[Black "Sergeev, Vladimir"]
[Result "0-1"]
[WhiteElo "2365"]
[BlackElo "2445"]
[PlyCount "72"]
[EventDate "1994.??.??"]
[Source "www.chesslib.no"]
[SourceDate "2004.05.04"]

1. e4 Nf6 2. Nc3 e5 3. f4 d5 4. fxe5 Nxe4 5. Nf3 Nc6 6. Qe2 Bf5 7. d3 Nxc3 8. bxc3 Qd7 9. g3 O-O-O 10. Bg2 Re8 11. O-O f6 12. d4 fxe5 13. dxe5 Bc5+ 14. Be3 Bb6 15. Bxb6 axb6 16. Rae1 Be4 17. e6 Qe7 18. Qe3 Rhf8 19. c4 Qc5 20. Qxc5 bxc5 21. Ng5 Rxf1+ 22. Bxf1 Nd4 23. Nxe4 Nf3+ 24. Kf2 Nxe1 25. cxd5 Nxc2 26. Nxc5 Rf8+ 27. Kg1 Ne3 28. Bb5 Kd8 29. Nxb7+ Ke7 30. a4 Nxd5 31. a5 Kxe6 32. a6 Nb4 33. Kg2 Kd5 34. Be2 Kc6 35. Bf3+ Kb6 36. Nc5 Kxc5 0-1

[Event "Tungsram"]
[Site "Budapest"]
[Date "1977.??.??"]
[Round "?"]
[White "Castro Rojas, Oscar Humberto"]
[Black "Rajna, George"]
[Result "1-0"]
[WhiteElo "2410"]
[BlackElo "2395"]
[PlyCount "95"]
[EventDate "1977.08.??"]
[Source "ChessBase"]

1. e4 e5 2. Nc3 Nf6 3. f4 d5 4. fxe5 Nxe4 5. Qe2 Nc6 6. Nf3 Bf5 7. d3 Nxc3 8. bxc3 d4 9. Rb1 Bc5 10. Qf2 Qe7 11. Rb5 a6 12. Rxb7 Nxe5 13. Nxe5 Qxe5+ 14. Qe2 Qxe2+ 15. Bxe2 Bb6 16. Bf3 O-O-O 17. c4 Rhe8+ 18. Kf2 Re5 19. Bf4 Rc5 20. Rb1 Be6 21. h4 h6 22. h5 g5 23. hxg6 fxg6 24. Bxh6 g5 25. R7xb6 cxb6 26. Rxb6 Kd7 27. Rxa6 Rg8 28. Be4 Bf5 29. Bd5 Rb8 30. Kg3 Rb2 31. Rf6 Rxc2 32. Rxf5 Rc3 33. Be4 R5xc4 34. Bxg5 Ra4 35. Rd5+ Ke6 36. Rd8 Ke5 37. Bf4+ Kf6 38. Kg4 Rc2 39. a3 Rc3 40. Bd6 Ke6 41. Bb4 Ra7 42. Rxd4 Rc1 43. Bf5+ Ke5 44. Re4+ Kd5 45. Be6+ Kc6 46. Rc4+ Rxc4+ 47. dxc4 Rg7+ 48. Kf4 1-0

[Event "12th Fajr Open"]
[Site "Isfahan"]
[Date "2004.02.10"]
[Round "7"]
[White "Mallahi, Amir"]
[Black "Kayumov, Sergey"]
[Result "1-0"]
[WhiteElo "2378"]
[BlackElo "2422"]
[PlyCount "69"]
[EventDate "2004.02.07"]
[Source "Roberto Alvarez"]
[SourceDate "2004.03.08"]

1. e4 e5 2. Nc3 Nf6 3. f4 d5 4. fxe5 Nxe4 5. Qe2 Qh4+ 6. g3 Nxc3 7. dxc3 Qa4 8. Bg2 Bg4 9. Nf3 Bc5 10. Be3 Bxe3 11. Qxe3 Qa6 12. a3 Bxf3 13. Bxf3 Qe6 14. O-O-O c6 15. c4 dxc4 16. Rd6 Qe7 17. e6 O-O 18. exf7+ Qxf7 19. Rf1 Kh8 20. Bg2 Qg8 21. Qe7 Rxf1+ 22. Bxf1 Na6 23. Qxb7 Nc5 24. Qxc6 Rc8 25. Qd5 Qxd5 26. Rxd5 c3 27. Bh3 Re8 28. bxc3 Ne4 29. c4 g6 30. c5 Nc3 31. Rd3 Nb5 32. Bd7 Re1+ 33. Kd2 Rf1 34. Bxb5 Rf5 35. c6 1-0

[Event "Camp. cubano Open"]
[Site "Santa Clara CUB"]
[Date "2007.01.16"]
[Round "7"]
[White "Perez, Or"]
[Black "Espinosa, E."]
[Result "0-1"]
[WhiteElo "2427"]
[BlackElo "2363"]
[PlyCount "30"]
[EventDate "2007.01.10"]
[Source "www.chesslib.no"]
[SourceDate "2004.05.04"]

1. e4 e5 2. Nc3 Nf6 3. f4 d5 4. fxe5 Nxe4 5. Nf3 Nc6 6. Qe2 Bf5 7. Qb5 Bc5 8. Qxb7 Nb4 9. Nxe4 Rb8 10. Qxb8 Qxb8 11. Nxc5 Nxc2+ 12. Kd1 Nxa1 13. d4 O-O 14. Be2 Qb4 15. Ba6 Bg4 0-1

[Event "Lenk Open"]
[Site "Lenk SUI"]
[Date "1992.??.??"]
[Round "?"]
[White "Lehtivaara, Petri"]
[Black "Flear, Glenn C"]
[Result "0-1"]
[WhiteElo "2270"]
[BlackElo "2505"]
[PlyCount "54"]
[EventDate "1992.06.??"]
[Source "www.chesslib.no"]
[SourceDate "2004.05.04"]

1. e4 e5 2. Nc3 Nf6 3. f4 d5 4. fxe5 Nxe4 5. Nf3 Bc5 6. Qe2 Bf2+ 7. Kd1 Nxc3+ 8. dxc3 Bb6 9. Bg5 Qd7 10. Qd2 O-O 11. Bd3 c5 12. c4 dxc4 13. Bxc4 Nc6 14. h3 Qxd2+ 15. Kxd2 Re8 16. Rae1 Be6 17. Bb5 Bd5 18. Kc1 a6 19. Bxc6 Bxc6 20. Bd2 Bc7 21. Bc3 Re6 22. Re2 Rae8 23. Ng5 Rg6 24. Nf3 Rxg2 25. Rxg2 Bxf3 26. Rhg1 Bxg2 27. Rxg2 Bxe5 0-1

[Event "Casablanca"]
[Site "Casablanca"]
[Date "1994.??.??"]
[Round "5"]
[White "David, Alberto"]
[Black "Sebih, Kamel"]
[Result "1/2-1/2"]
[WhiteElo "2400"]
[BlackElo "2375"]
[PlyCount "86"]
[EventDate "1994.05.??"]
[Source "ChessBase"]

1. e4 e5 2. Nc3 Nf6 3. f4 d6 4. Nf3 Nc6 5. Bb5 exf4 6. d4 a6 7. Be2 d5 8. exd5 Nxd5 9. Nxd5 Qxd5 10. O-O Qd6 11. c4 Be7 12. d5 Nb8 13. Qd4 O-O 14. Bxf4 Qd8 15. Qf2 Bd6 16. Bg5 f6 17. Be3 Re8 18. c5 Bf8 19. Bc4 Re4 20. Bb3 Nd7 21. c6 Ne5 22. d6+ Kh8 23. d7 Bxd7 24. Nxe5 Rxe5 25. cxd7 Qxd7 26. Rad1 Qg4 27. Bd4 Rg5 28. Bxf6 Bc5 29. Bd4 Be7 30. Rd3 c5 31. Be3 Rg6 32. Rd5 Rf6 33. Rf5 Raf8 34. Rxf6 Rxf6 35. Qg3 Qc8 36. Rxf6 Bxf6 37. Qd6 c4 38. Bxc4 Qxc4 39. Qb8+ Qg8 40. Qxb7 Qxa2 41. Qc8+ Qg8 42. Qxa6 Qe8 43. Qa3 Bxb2 1/2-1/2

[Event "Rovaniemi We RovSK"]
[Site "?"]
[Date "2002.??.??"]
[Round "5"]
[White "Ivanov Sergey"]
[Black "Satonen Arto"]
[Result "1-0"]
[WhiteElo "2561"]
[BlackElo "2209"]
[PlyCount "52"]
[EventDate "2002.??.??"]
[Source "www.chesslib.no"]
[SourceDate "2004.05.04"]

1. e4 e5 2. Nc3 Nf6 3. f4 d5 4. fxe5 Nxe4 5. Nf3 Bb4 6. Qe2 Bxc3 7. bxc3 O-O 8. Bb2 Be6 9. Qe3 Bg4 10. O-O-O Nd7 11. d3 Nec5 12. Ba3 Na4 13. Qd4 Bxf3 14. gxf3 b5 15. Bxf8 Qxf8 16. Kd2 Qa3 17. Qb4 Qxa2 18. d4 Nb2 19. Rc1 Nb6 20. Bxb5 N2c4+ 21. Ke2 a5 22. Qb3 Qa3 23. Qxa3 Nxa3 24. Bc6 Rd8 25. Ra1 Nac4 26. Ra2 f6 1-0

[Event "CZE-chT2a 0001"]
[Site "?"]
[Date "2000.??.??"]
[Round "2"]
[White "Vavra Pavel"]
[Black "Hausner Ivan"]
[Result "1/2-1/2"]
[WhiteElo "2350"]
[BlackElo "2420"]
[PlyCount "61"]
[EventDate "2000.??.??"]
[Source "www.chesslib.no"]
[SourceDate "2004.05.04"]

1. e4 Nf6 2. Nc3 e5 3. f4 d5 4. fxe5 Nxe4 5. Nf3 Nc6 6. Bb5 Bg4 7. d3 Nxc3 8. bxc3 Be7 9. O-O O-O 10. Qe1 f6 11. Qg3 Qd7 12. Bh6 gxh6 13. h3 h5 14. Rae1 Kh8 15. Bxc6 bxc6 16. hxg4 Qxg4 17. Qh2 Rg8 18. Nh4 fxe5 19. Nf5 Bd6 20. Nh6 Qg6 21. Nf7+ Kg7 22. Rxe5 Raf8 23. Nxd6 Rxf1+ 24. Kxf1 Rf8+ 25. Nf5+ Rxf5+ 26. Rxf5 Qxf5+ 27. Kg1 Qf7 28. Qg3+ Kf8 29. Qe3 Qe7 30. Qh6+ Kg8 31. Qxc6 1/2-1/2

[Event "Corr"]
[Site "?"]
[Date "2003.05.10"]
[Round "?"]
[White "Raffaele Enzo (ITA)"]
[Black "Blauhut Holger (GER)"]
[Result "0-1"]
[WhiteElo "2409"]
[BlackElo "2360"]
[PlyCount "86"]
[EventDate "2003.??.??"]
[Source "www.chesslib.no"]
[SourceDate "2004.05.04"]

1. e4 e5 2. Nc3 Nf6 3. f4 d5 4. fxe5 Nxe4 5. Nf3 Bc5 6. d4 Bb4 7. Bd2 c5 8. Bb5+ Nc6 9. O-O O-O 10. Qe1 Nxd2 11. Qxd2 cxd4 12. Nxd4 Nxe5 13. Rae1 Ng4 14. Be2 Qc7 15. Bxg4 Bxg4 16. a3 Bxc3 17. Qxc3 Qxc3 18. bxc3 f6 19. Re7 Rf7 20. Rfe1 Bd7 21. R7e3 Rc8 22. Kf2 Rc4 23. Nb3 b6 24. Rd1 Rf4+ 25. Kg3 Re4 26. Rxe4 dxe4 27. Kf4 g5+ 28. Kxe4 Bc6+ 29. Kd3 Bxg2 30. Rg1 Bh3 31. c4 Rc7 32. Nd4 Rc5 33. Kc3 Kf7 34. Nb3 Rc7 35. Kb4 Bd7 36. Nd4 Be6 37. Nxe6 Kxe6 38. Rg2 Rc5 39. Kc3 h5 40. a4 g4 41. Kd4 f5 42. Re2+ Kf6 43. Kd3 f4 0-1

[Event "Gent (open)"]
[Site "?"]
[Date "2004.07.19"]
[Round "?"]
[White "Van der Weide Karel"]
[Black "De Jong Jan W"]
[Result "0-1"]
[WhiteElo "2471"]
[BlackElo "2283"]
[PlyCount "79"]
[EventDate "2004.??.??"]
[Source "www.chesslib.no"]
[SourceDate "2004.05.04"]

1. e4 e5 2. Nc3 Nf6 3. f4 d5 4. fxe5 Nxe4 5. Nf3 Bc5 6. d4 Bb4 7. Bd2 Bg4 8. Nxe4 dxe4 9. Bxb4 exf3 10. Qd3 Nc6 11. Bc3 Qd5 12. Kf2 f6 13. Qc4 Qxc4 14. Bxc4 fxg2 15. Rhe1 O-O-O 16. exf6 gxf6 17. Re4 f5 18. Be6+ Kb8 19. Rf4 Ne7 20. d5 Rhe8 21. h3 Ng6 22. Ra4 Bxh3 23. Kg3 Bg4 24. Kxg2 c6 25. Bf6 Rd6 26. c4 Rexe6 27. dxe6 Rxe6 28. Bc3 Re2+ 29. Kf1 Nf4 30. Re1 Bh3+ 31. Kg1 Rg2+ 32. Kh1 Nd3 33. Re8+ Kc7 34. Bd4 Rg4 35. Bxa7 Bg2+ 36. Kh2 Be4 37. Bb8+ Kd7 38. Rf8 f4 39. c5 Rh4+ 40. Kg1 0-1

[Event "AUT-chT 9495"]
[Site "Austria"]
[Date "1995.??.??"]
[Round "?"]
[White "Herzog, Adolf"]
[Black "Watzka, Horst"]
[Result "0-1"]
[WhiteElo "2400"]
[BlackElo "2350"]
[PlyCount "68"]
[EventDate "1994.??.??"]
[Source "ChessBase"]

1. Nc3 Nf6 2. e4 e5 3. f4 d5 4. fxe5 Nxe4 5. Nf3 Be7 6. d3 Nxc3 7. bxc3 c5 8. Be2 Nc6 9. O-O O-O 10. Qe1 f6 11. exf6 Bxf6 12. Bd2 Qd6 13. Rb1 b6 14. Ng5 Bd7 15. Bh5 h6 16. Nf3 Be8 17. Bg4 Bd7 18. Bxd7 Qxd7 19. Qg3 Kh7 20. Nh4 Bxh4 21. Qxh4 Rae8 22. Rf2 Ne5 23. Rbf1 Ng6 24. Qg3 Rxf2 25. Rxf2 Qa4 26. h3 Qxc2 27. Kh2 Qd1 28. Qc7 Re7 29. Qc8 Re2 30. Be3 Rxe3 31. Rf7 Qe1 32. Qg4 Qxc3 33. h4 Qe5+ 34. g3 h5 0-1

[Event "Mislata op7th"]
[Site "Valencia"]
[Date "1998.08.17"]
[Round "5.10"]
[White "Balada Moreno, Jose Luis"]
[Black "Lopez Duran, Jesus"]
[Result "1/2-1/2"]
[WhiteElo "2250"]
[BlackElo "2500"]
[PlyCount "89"]
[EventDate "1998.08.13"]
[Source "www.chesslib.no"]
[SourceDate "2004.05.04"]

1. e4 e5 2. Nc3 Nf6 3. f4 d5 4. fxe5 Nxe4 5. Nf3 Bc5 6. d4 Bb4 7. Bd2 Nxd2 8. Qxd2 Bf5 9. a3 Be7 10. O-O-O c6 11. Qf4 Bg6 12. h4 h6 13. Bd3 Bxd3 14. Rxd3 O-O 15. g4 b5 16. Qe3 a5 17. Ne2 Na6 18. Ng3 Nc7 19. g5 g6 20. gxh6 Ne6 21. Ne2 b4 22. Nf4 Nxf4 23. Qxf4 bxa3 24. bxa3 Rb8 25. h5 Kh7 26. e6 Qd6 27. Ne5 Qxe6 28. hxg6+ fxg6 29. Qg3 Rf5 30. Rb3 Rxb3 31. Qxb3 c5 32. Qb7 cxd4 33. Nc6 Rf7 34. Nxe7 Rxe7 35. Qb3 Qf7 36. Rd1 Rb7 37. Qg3 Qf6 38. Qg4 d3 39. Rxd3 Qb2+ 40. Kd2 Rc7 41. Qa4 Qe5 42. Qh4 Re7 43. Qf2 Qg5+ 44. Kd1 Rb7 45. Rf3 1/2-1/2

[Event "Curitiba"]
[Site "Curitiba"]
[Date "1999.05.17"]
[Round "3"]
[White "Matsuura, Everaldo"]
[Black "De Souza, Mauro Guimaraes"]
[Result "0-1"]
[WhiteElo "2380"]
[BlackElo "2369"]
[PlyCount "48"]
[EventDate "1999.05.??"]
[Source "ChessBase"]
[SourceDate "1999.07.10"]

1. e4 e5 2. Nc3 Nf6 3. f4 d5 4. fxe5 Nxe4 5. Nf3 Nc6 6. Bb5 Bc5 7. d4 Bb6 8. O-O O-O 9. Na4 Bg4 10. Nxb6 axb6 11. c3 f6 12. Qe1 Bd7 13. Bd3 fxe5 14. dxe5 Bf5 15. c4 Nc5 16. Bxf5 Rxf5 17. g4 Rf8 18. Bg5 Qd7 19. cxd5 Qxd5 20. Rd1 Qxa2 21. b4 Ne6 22. Qh4 Qc2 23. Rd7 Nxe5 24. Rd2 Nxf3+ 0-1

[Event "Corr"]
[Site "?"]
[Date "1995.12.30"]
[Round "?"]
[White "Moreno Ramos Felipe (ESP)"]
[Black "Espejo Hava Francisco (ESP)"]
[Result "1/2-1/2"]
[WhiteElo "2365"]
[BlackElo "2380"]
[PlyCount "72"]
[EventDate "1995.??.??"]
[Source "www.chesslib.no"]
[SourceDate "2004.05.04"]

1. e4 e5 2. Nc3 Nf6 3. f4 d5 4. fxe5 Nxe4 5. Nf3 Bc5 6. Qe2 Bf2+ 7. Kd1 Nxc3+ 8. dxc3 Bb6 9. Bg5 Qd7 10. Kd2 O-O 11. Rd1 Qa4 12. a3 c5 13. Kc1 Be6 14. h4 Qd7 15. h5 h6 16. Be3 Nc6 17. Qf2 Qe7 18. Bb5 Rfd8 19. Bxc6 bxc6 20. g4 d4 21. cxd4 cxd4 22. Nxd4 Bxd4 23. Bxd4 Qg5+ 24. Be3 Rxd1+ 25. Rxd1 Qxg4 26. Bxh6 Qxh5 27. Bf4 Bd5 28. Rg1 Qf3 29. Qxf3 Bxf3 30. Bh6 Kh7 31. Bxg7 Rg8 32. e6 fxe6 33. Bd4 Rxg1+ 34. Bxg1 a6 35. Kd2 Kg6 36. Kd3 Kf6 1/2-1/2

[Event "Alicante Open"]
[Site "Alicante ESP"]
[Date "1989.??.??"]
[Round "?"]
[White "Garcia Callejo, Jesus"]
[Black "Fernandez Garcia, Jose L"]
[Result "0-1"]
[WhiteElo "2300"]
[BlackElo "2440"]
[PlyCount "130"]
[EventDate "1989.??.??"]
[Source "www.chesslib.no"]
[SourceDate "2004.05.04"]

1. e4 Nf6 2. Nc3 e5 3. f4 d5 4. fxe5 Nxe4 5. Nf3 Bc5 6. Qe2 Bf2+ 7. Kd1 Nxc3+ 8. dxc3 Bc5 9. Be3 Bxe3 10. Qxe3 O-O 11. Kd2 Nc6 12. Re1 Bg4 13. Bd3 Qd7 14. Ng5 Bf5 15. Rhf1 d4 16. cxd4 Bxd3 17. Qxd3 Qxd4 18. Qxd4 Nxd4 19. c3 Nc6 20. Kc2 h6 21. Nf3 Rfe8 22. b4 Rad8 23. Re2 a6 24. a4 a5 25. b5 Nb8 26. Nd4 Nd7 27. Rfe1 Nc5 28. Nb3 Nxb3 29. Kxb3 Re6 30. Kc4 Kf8 31. Re4 Rd2 32. R4e2 Rxe2 33. Rxe2 Ke7 34. Kd5 Rg6 35. g3 Rg5 36. c4 g6 37. Re4 h5 38. c5 c6+ 39. bxc6 bxc6+ 40. Kd4 Ke6 41. Re2 Rg4+ 42. Kc3 Rxa4 43. Rd2 h4 44. Rd6+ Kxe5 45. gxh4 Rxh4 46. Rxc6 Kd5 47. Rc7 Rh3+ 48. Kb2 Rxh2+ 49. Kb3 Rf2 50. Ka4 g5 51. Kb5 Rb2+ 52. Kxa5 g4 53. Rxf7 Kxc5 54. Rf5+ Kd6 55. Rg5 Rg2 56. Kb4 Ke6 57. Kc3 Kf6 58. Ra5 Re2 59. Kd3 Re7 60. Kd2 Kg6 61. Rb5 Kh6 62. Ra5 Re6 63. Rb5 g3 64. Rb3 Rg6 65. Rb1 g2 0-1

[Event "Saint Lo IM 2nd"]
[Site "Saint Lo"]
[Date "2001.07.12"]
[Round "6"]
[White "Vavra, Pavel"]
[Black "Maze, Sebastien"]
[Result "1-0"]
[WhiteElo "2463"]
[BlackElo "2269"]
[PlyCount "95"]
[EventDate "2001.07.07"]
[Source "ChessBase"]
[SourceDate "2001.09.11"]

1. e4 Nf6 2. Nc3 e5 3. f4 d6 4. Nf3 Bg4 5. h3 Bxf3 6. Qxf3 Nc6 7. Bb5 Qd7 8. fxe5 dxe5 9. Nd5 O-O-O 10. Nxf6 gxf6 11. Qxf6 Rg8 12. Bxc6 bxc6 13. Qf2 Bb4 14. Ke2 Qe7 15. d3 Bc5 16. Qf5+ Kb7 17. g4 Rg6 18. Bd2 Bb6 19. Raf1 Qh4 20. Qxe5 Rdd6 21. Kd1 Rge6 22. Qh2 Rd7 23. Kc1 c5 24. Qe2 c4 25. dxc4 Qe7 26. Re1 Rd4 27. e5 Rc6 28. c3 Rdxc4 29. Qf3 Qe6 30. Rhf1 Qe7 31. Qxf7 Qc5 32. Rf4 Rxf4 33. Qxf4 Qd5 34. a3 Rc4 35. Qf1 Rc6 36. Qe2 Bc5 37. e6 Qa2 38. Qe4 Be7 39. Qxh7 Rb6 40. Qb1 Qb3 41. Qc2 Qa2 42. Be3 Rxe6 43. Bd2 Rxe1+ 44. Bxe1 Qd5 45. Qe2 Bg5+ 46. Kc2 a5 47. a4 c6 48. h4 1-0

[Event "Barcelona Open 9394"]
[Site "Barcelona ESP"]
[Date "1993.??.??"]
[Round "1"]
[White "De la Riva Aguado, Oscar"]
[Black "Fernandez Aguado, Enrique"]
[Result "1-0"]
[WhiteElo "2365"]
[BlackElo "2360"]
[PlyCount "35"]
[EventDate "1993.??.??"]
[Source "www.chesslib.no"]
[SourceDate "2004.05.04"]

1. e4 e5 2. Nc3 Nf6 3. f4 d5 4. fxe5 Nxe4 5. Nf3 Bb4 6. Qe2 Nc5 7. a3 Bxc3 8. dxc3 Ne6 9. Be3 Qe7 10. O-O-O c6 11. Qf2 b6 12. c4 dxc4 13. Bxc4 O-O 14. Qg3 Kh8 15. Rd6 Na6 16. Nd4 Nxd4 17. Bxd4 Be6 18. Bxa6 1-0